| 000 | 00583nam a2200169Ia 4500 | ||
|---|---|---|---|
| 008 | 140609s9999 xx 000 0 und d | ||
| 020 | _a9780764160509 | ||
| 050 |
_aNC 750 _b.M363 2007 |
||
| 100 | _aMartin i Roig, Gabriel. | ||
| 245 |
_aPerspective drawing / _c [text: Gabriel Martin Roig ; translated from the Spanish by Michael Brunelle and Beatriz Cortabarria] |
||
| 260 |
_aHauppauge, NY : _bBarron's Educational Series, Inc., _cc2007. |
||
| 300 |
_a95 p. : _bcol. ill. ; _c27 cm. |
||
| 440 | _a(Drawing Academy). | ||
| 521 | _aMA | ||
| 942 |
_kFOR _cBK |
||
| 999 |
_c118277 _d118277 |
||